| 000 | 01590cam a2200241 4500500 | ||
|---|---|---|---|
| 005 | 20251228065524.0 | ||
| 041 | _afre | ||
| 042 | _adc | ||
| 100 | 1 | 0 |
_aDutoit, Martine _eauthor |
| 700 | 1 | 0 |
_aSaint-Pé, Marie Claude _eauthor |
| 245 | 0 | 0 | _aAgir le droit. Un chemin d’émancipation collective en santé mentale |
| 260 | _c2017. | ||
| 500 | _a23 | ||
| 520 | _aDepuis une dizaine d’années, des personnes se sont regroupées dans un collectif d’associations visant le droit à la citoyenneté et la participation à la vie sociale et aux décisions sociétales. Ces personnes se reconnaissent comme citoyen-ne-s et pour certain-e-s directement usager-e-s de la santé mentale. Elles ont construit et mené plusieurs projets collectifs qui couvrent le spectre large de l’ empowerment. Ces projets, inscrits dans une démarche de santé communautaire, sont fondés sur le croisement des savoirs expérientiels des personnes participantes. Chacun de ces projets, menés en complète synergie avec des personnes trop souvent considérées comme incapables, permet de penser les processus de discrimination et d’exclusion maintenant divers publics dans des statuts d’assistés. | ||
| 690 | _aDroit des usagers | ||
| 690 | _aempowerment | ||
| 690 | _ainclusion | ||
| 690 | _aparticipation | ||
| 690 | _arecherche--action | ||
| 690 | _asanté communautaire | ||
| 786 | 0 | _nVST - Vie sociale et traitements | 136 | 4 | 2017-11-07 | p. 86-89 | 0396-8669 | |
| 856 | 4 | 1 | _uhttps://shs.cairn.info/revue-vie-sociale-et-traitements-2017-4-page-86?lang=fr&redirect-ssocas=7080 |
| 999 |
_c1591661 _d1591661 |
||